000 00439nam a2200181Ia 4500
001 10000
005 20260306161759.0
008 260306t2001||||xx |||||||||||||| ||spa||
041 _aESP
082 _a379.85
_bM61
100 _aPerú. Ministerio de Educación
_eAUT
245 0 _aEl desarrollo de la educación
260 _c2001
300 _a49 páginas :
_c30 cm.
650 _aGEN
654 _aCED
942 _cLIB
_dJUS
_fJUS
_2ddc
_n
999 _c10000
_d10000